Municipal financing and urban development / (Record no. 806)

000 -LEADER
fixed length control field 01343cam a2200349 a 4500
003 - CONTROL NUMBER IDENTIFIER
control field OSt
005 - DATE AND TIME OF LATEST TRANSACTION
control field 20210621082525.0
008 - FIXED-LENGTH DATA ELEMENTS--GENERAL INFORMATION
fixed length control field 080929s2008 ke b i000 0 eng
020 ## - INTERNATIONAL STANDARD BOOK NUMBER
International Standard Book Number 9789211319149
020 ## - INTERNATIONAL STANDARD BOOK NUMBER
International Standard Book Number 9789211319248 (series)
040 ## - CATALOGING SOURCE
Transcribing agency DLC
042 ## - AUTHENTICATION CODE
Authentication code lcode
043 ## - GEOGRAPHIC AREA CODE
Geographic area code d------
050 00 - LIBRARY OF CONGRESS CALL NUMBER
Classification number JS1789.3
Item number .A2 H 67 2008
245 00 - TITLE STATEMENT
Title Municipal financing and urban development /
Statement of responsibility, etc. Mona Serageldin ... [et al.] ; with the assistance of, Shannon Bassett, Balakrishna Menon, Luis Valenzuela.
260 ## - PUBLICATION, DISTRIBUTION, ETC.
Place of publication, distribution, etc. Nairobi :
Name of publisher, distributor, etc. United Nations Human Settlements Programme,
Date of publication, distribution, etc. 2008.
300 ## - PHYSICAL DESCRIPTION
Extent xii, 141 p. ;
Dimensions 21 cm.
500 ## - GENERAL NOTE
General note "HS/938/07E"--T.p. verso.
504 ## - BIBLIOGRAPHY, ETC. NOTE
Bibliography, etc. note Includes bibliographical references (p. 128-138).
650 #0 - SUBJECT ADDED ENTRY--TOPICAL TERM
Topical term or geographic name entry element Community development
General subdivision Finance.
650 #0 - SUBJECT ADDED ENTRY--TOPICAL TERM
Topical term or geographic name entry element Community development
Geographic subdivision Developing countries
General subdivision Finance.
650 #0 - SUBJECT ADDED ENTRY--TOPICAL TERM
Topical term or geographic name entry element Municipal finance.
700 1# - ADDED ENTRY--PERSONAL NAME
Personal name Serageldin, Mona.
710 2# - ADDED ENTRY--CORPORATE NAME
Corporate name or jurisdiction name as entry element United Nations Human Settlements Programme.
856 41 - ELECTRONIC LOCATION AND ACCESS
Uniform Resource Identifier http://www.loc.gov/catdir/toc/fy0903/2008345169.html
906 ## - LOCAL DATA ELEMENT F, LDF (RLIN)
a 7
b cbc
c origode
d 3
e ncip
f 20
g y-gencatlg
942 ## - ADDED ENTRY ELEMENTS (KOHA)
Source of classification or shelving scheme
Koha item type Book
Suppress in OPAC DO
Holdings
Withdrawn status Lost status Source of classification or shelving scheme Damaged status Not for loan Permanent Location Current Location Shelving location Date acquired Total Checkouts Full call number Barcode Date last seen Copy number Price effective from Koha item type Public note
          AU LIBRARY AU LIBRARY Open Shelf 21.06.2021   HN49.C6 M86 2008 C1 28001568 21.06.2021 1 21.06.2021 Book DO
          AU LIBRARY AU LIBRARY Open Shelf 21.06.2021   HN49.C6 M86 2008 C2 28001567 21.06.2021 2 21.06.2021 Book DO
          AU LIBRARY AU LIBRARY Open Shelf 21.06.2021   HN49.C6 M86 2008 C3 28001569 21.06.2021 3 21.06.2021 Book DO
          AU LIBRARY AU LIBRARY Open Shelf 21.06.2021   JS1789.3.A2 H 67 2008 C4 28001671 21.06.2021 4 21.06.2021 Book SO
          AU LIBRARY AU LIBRARY Open Shelf 21.06.2021   JS1789.3.A2 H 67 2008 C5 28001672 21.06.2021 5 21.06.2021 Book SO
          AU LIBRARY AU LIBRARY Open Shelf 21.06.2021   JS1789.3.A2 H 67 2008 C6 28001673 21.06.2021 6 21.06.2021 Book SO
          AU LIBRARY AU LIBRARY Open Shelf 22.06.2021   JS1789.3 .A2 H 67 2008 C7 28001617 22.06.2021 7 22.06.2021 Book JE
          AU LIBRARY AU LIBRARY Open Shelf 22.06.2021   JS1789.3 .A2 H 67 2008 C8 28001618 22.06.2021 8 22.06.2021 Book JE

Powered by Koha